000
00296nam a22001217a 4500
008
180212b xxu||||| |||| 00| 0 eng d
041
_a
eng
080
_a
721
100
_a
41
101
_a
NDE
245
_a
Science fundamentals: a background for household equipment
_c
Peet,L.J
942
_2
udc
_c
BK
999
_c
42292
_d
42292